| 000 | 00518nam a22001817a 4500 | ||
|---|---|---|---|
| 005 | 20250614130822.0 | ||
| 008 | 250614b |||||||| |||| 00| 0 eng d | ||
| 020 | _a9780072553925 | ||
| 050 |
_aHF5429 _b.L4828 LEV |
||
| 100 | _aLevy Michael | ||
| 245 |
_aRetailing Management _cMichael Levy & Barton A. Weitz |
||
| 250 | _a5th Ed. | ||
| 260 |
_aBoston _bMcGraw-Hill/Irwin _c2004 |
||
| 300 |
_axxxv. 775p. _bill. (some col.) _c24 cm |
||
| 650 | _2Marketing | ||
| 700 | _aWeitz Barton A. | ||
| 942 |
_2lcc _cBK _e5th Ed. _n0 |
||
| 999 |
_c6477 _d6477 |
||